How to think straight about Psychology / (Record no. 176839)
[ view plain ]
| 000 -LEADER | |
|---|---|
| fixed length control field | 01261nam a22001457a 4500 |
| 020 ## - INTERNATIONAL STANDARD BOOK NUMBER | |
| International Standard Book Number | 8131711447 |
| 082 ## - DEWEY DECIMAL CLASSIFICATION NUMBER | |
| Classification number | 150.72,STA |
| 100 ## - MAIN ENTRY--PERSONAL NAME | |
| Personal name | Stanovich, Keith E. |
| 9 (RLIN) | 53104 |
| 245 ## - TITLE STATEMENT | |
| Title | How to think straight about Psychology / |
| Statement of responsibility, etc. | Keith E. Stanovich |
| 250 ## - EDITION STATEMENT | |
| Edition statement | 7th ed. |
| 260 ## - PUBLICATION, DISTRIBUTION, ETC. | |
| Place of publication, distribution, etc. | Dorling kinderseley |
| Name of publisher, distributor, etc. | Pearson |
| Date of publication, distribution, etc. | 2007 |
| 300 ## - PHYSICAL DESCRIPTION | |
| Extent | 226p |
| 505 ## - FORMATTED CONTENTS NOTE | |
| Formatted contents note | Psychology Is Alive and Well (and Doing Fine Among the Sciences) (Page-1), Falsifiability: How to Foil Little Green Men in the Head (Page-19), Operationism and Essentialism: "But, Doctor, What Does It Really Mean?" (Page-35), Testimonials and Case Study Evidence: Placebo Effects and the Amazing Randi (Page-51), Correlation and Causation: Birth Control by the Toaster Method (Page-69), Getting Things Under Control: The Case of Clever Hans (Page-81), "But It's Not Real Life!": The "Artificiality" Criticism and Psychology (Page-99), Avoiding the Einstein Syndrome: The Importance of Converging Evidence (Page-113), The Misguided Search for the "Magic Bullet": The Issue of Multiple Causation (Page-131), The Achilles' Heel of Human Cognition: Probabilistic Reasoning (Page-139), The Role of Chance in Psychology (Page-153), The Rodney Dangerfield of the Sciences (Page-175). |
| 942 ## - ADDED ENTRY ELEMENTS (KOHA) | |
| Koha item type | Book |
| Source of classification or shelving scheme | |
| Call number prefix | 150.72,STA |
| Withdrawn status | Lost status | Source of classification or shelving scheme | Damaged status | Not for loan | Permanent Location | Current Location | Shelving location | Date acquired | Total Checkouts | Full call number | Barcode | Date last seen | Date last checked out | Price effective from | Koha item type | Public note |
|---|---|---|---|---|---|---|---|---|---|---|---|---|---|---|---|---|
| Military College of Signals (MCS) | Military College of Signals (MCS) | General Stacks | 12/12/2016 | 2 | 150.72,STA | MCS33665 | 01/27/2026 | 01/23/2026 | 12/12/2016 | Book | Almirah No.46, Shelf No.3 | |||||
| Military College of Signals (MCS) | Military College of Signals (MCS) | General Stacks | 02/24/2023 | 150.72,STA | MCS33664 | 02/24/2023 | 02/24/2023 | Book | Almirah No.73, Shelf No.1 |
